The social Welfare forum, 1958 /
Spremljeno u:
| Daljnji autori: | , , , |
|---|---|
| Format: | Sách giấy |
| Jezik: | English |
| Izdano: |
N.Y. :
Columbia University Press,
1958.
|
| Oznake: |
Dodaj oznaku
Bez oznaka, Budi prvi tko označuje ovaj zapis!
|
| Thư viện lưu trữ: | Thư viện Trường Đại học Đà Lạt |
|---|
| LEADER | 00726nam a2200301 4500 | ||
|---|---|---|---|
| 001 | DLU100105702 | ||
| 005 | ##2010046 | ||
| 040 | # | # | |a DLU |b vie |
| 041 | # | # | |a eng |
| 044 | # | # | |a us |
| 082 | # | # | |a 361.3 |b Soc |
| 245 | # | # | |a The social Welfare forum, 1958 / |c Eveline M. Burns,...[et all]. |
| 260 | # | # | |a N.Y. : |b Columbia University Press, |c 1958. |
| 300 | # | # | |a xiv, 311 p. ; |c 23 cm. |
| 700 | # | # | |a Dunham, Arthur. |
| 700 | # | # | |a Jessup, Philip C. |
| 700 | # | # | |a Roney, Jay L. |
| 700 | # | # | |a Somers, Herman M. |
| 923 | # | # | |a 100/2010 |
| 992 | # | # | |a 0 |
| 994 | # | # | |a DLU |
| 900 | # | # | |a True |
| 911 | # | # | |a Lý Thị Hồng Hạnh |
| 925 | # | # | |a G |
| 926 | # | # | |a A |
| 927 | # | # | |a SH |
| 980 | # | # | |a Thư viện Trường Đại học Đà Lạt |